Qui sont ces médaillés américains aux Jeux Olympiques 2024 ? #2 - Statistiques

Statistiques générales
  • Ce quiz a été pris 15 fois
    14 depuis la dernière actualisation
  • Le résultat moyen est 9 sur 20
Statistiques - réponses
Par images Hint Réponse % Correct
Basketball Kevin Durant
100%
Basketball Lebron James
100%
Natation Katie Ledecky
92%
Athlétisme Sam Kendricks
67%
Athlétisme Sydney McLaughlin Levrone
67%
Gymnastique Artistique Sunisa Lee
50%
Natation Carson Foster
42%
Athlétisme Rai Benjamin
42%
Athlétisme Valarie Allman
42%
Athlétisme Grant Fisher
33%
Skateboard Jagger Eaton
33%
Cyclisme sur Piste Jennifer Valente
33%
Cyclisme sur Route & Cyclisme sur Piste Kristen Faulkner
33%
Natation Nic Fink
33%
Golf Scottie Scheffler
33%
Natation Torri Huske
33%
Tir Vincent Hancock
33%
Natation Kate Douglass
17%
Escrime Lauren Scruggs
17%
Natation Ryan Murphy
17%
Aucun quiz correspondant
Distribution des résultats
% des personnes avec chaque résultat
Percentile par nombre de réponses
Votre historique - résultats
Vous n’avez pas pris ce quiz depuis la dernière actualisation